Practicing to take the GRE biology test : an official full-length edition of the GRE biology test administered in April 1983.

Bibliographic Details
Corporate Authors: Graduate Record Examinations Board, Educational Testing Service
Format: Book
Language:English
Published: Princeton, N.J. : Published by Educational Testing Service for the Graduate Record Examinations Board, [1983]
Subjects:

MARC

Tag First Indicator Second Indicator Subfields
LEADER 00000cam a2200000 a 4500
001 in00000572921
005 20151014065337.0
008 831227s1983 njua 00000 eng d
020 |a 0886850010 
035 |a (OCoLC)10251322 
035 |9 ACN7473AM 
040 |a CUS  |c CUS  |d TXA  |d UtOrBLW 
049 |a TXAF  |c [A08384269] 
090 |a QH316  |b .P7 1983 
245 0 0 |a Practicing to take the GRE biology test :  |b an official full-length edition of the GRE biology test administered in April 1983. 
264 1 |a Princeton, N.J. :  |b Published by Educational Testing Service for the Graduate Record Examinations Board,  |c [1983] 
264 4 |c ©1983 
300 |a 54 pages, 4 unnumbered pages :  |b illustrations ;  |c 28 cm. 
336 |a text  |b txt  |2 rdacontent 
337 |a unmediated  |b n  |2 rdamedia 
338 |a volume  |b nc  |2 rdacarrier 
500 |a At head of title: Graduate record examinations. 
650 0 |a Biology  |x Study and teaching (Graduate)  |x Examinations, questions, etc. 
650 0 |a Biology  |v Examinations, questions, etc. 
710 2 |a Graduate Record Examinations Board. 
710 2 |a Educational Testing Service. 
999 |a MARS 
999 f f |s abdfbb5c-eb62-3d65-905d-d33609a898f9  |i e4255671-fb68-3cc1-a132-67109eb489fa  |t 0 
952 f f |p ric  |a Texas A&M University  |b Rellis Campus  |c Joint Library Facility  |d Remote Storage  |t 0  |e QH316 .P7 1983  |h Library of Congress classification  |i unmediated -- volume  |m A14808384269 
998 f f |a QH316 .P7 1983  |t 0  |l Remote Storage